[Event "Bucharest-ch"]
[Site "Bucharest"]
[Date "2022.05.20"]
[Round "2"]
[White "Andronescu, Madalin"]
[Black "Cernea, Radu Gheorghe"]
[Result "1-0"]
[WhiteElo "2151"]
[BlackElo "1779"]
[PlyCount "77"]
[EventDate "2022.05.19"]
[EventType "swiss"]
[EventRounds "7"]
[EventCountry "ROU"]
[SourceTitle "EXT 2023"]
[Source "ChessBase"]
[SourceDate "2022.10.05"]
[SourceVersion "1"]
[SourceVersionDate "2022.10.05"]
[SourceQuality "1"]

1. e4 d6 2. d4 g6 3. c4 Bg7 4. Nc3 Nf6 5. Be2 0-0 6. Bg5 Na6 7. h4 h6 8. Be3 c5 9. d5 Nc7 10. g4 e5 11. g5 Nh7 12. gxh6 Bf6 13. Nf3 Kh8 14. Qd2 Bg4 15. Ng5 Bxe2 16. Kxe2 Qd7 17. Rag1 b5 18. h5 Rg8 19. cxb5 gxh5 20. a4 Rg6 21. Nxh7 Kxh7 22. Rxg6 fxg6 23. Rg1 Rf8 24. Nd1 Qf7 25. b4 cxb4 26. Qxb4 Be7 27. Qc3 Na8 28. Bxa7 Bd8 29. Qe3 h4 30. b6 h3 31. a5 h2 32. Rh1 Bg5 33. Qxg5 Qf3+ 34. Kd2 Qxh1 35. Qe7+ Kxh6 36. Qxf8+ Kh7 37. Qe7+ Kh6 38. Qh4+ Kg7 39. b7 1-0

[Event "Wch Seniors 65 29th"]
[Site "Bucharest"]
[Date "2019.11.20"]
[Round "8"]
[White "Schmuki, Roman"]
[Black "Cernea, Radu Gheorghe"]
[Result "1-0"]
[WhiteElo "1940"]
[BlackElo "1750"]
[PlyCount "77"]
[EventDate "2019.11.12"]
[EventType "swiss"]
[EventRounds "11"]
[EventCountry "ROU"]
[SourceTitle "CBM 193 Extra"]
[Source "ChessBase"]
[SourceDate "2020.01.31"]
[SourceVersion "1"]
[SourceVersionDate "2020.01.31"]
[SourceQuality "1"]

1. e4 g6 2. d4 Bg7 3. Nf3 d6 4. Bd3 Nf6 5. 0-0 0-0 6. Re1 Bg4 7. Nbd2 e5 8. h3 Bxf3 9. Nxf3 Nc6 10. c3 Nh5 11. Bc2 Qd7 12. Ba4 Qc8 13. Bxc6 bxc6 14. Qa4 Qb7 15. dxe5 dxe5 16. Be3 Qb5 17. Qc2 Rfd8 18. c4 Qb4 19. a3 Qe7 20. Red1 Nf4 21. Rxd8+ Rxd8 22. Rd1 a6 23. Rxd8+ Qxd8 24. Qa4 Ne2+ 25. Kh2 Qa8 26. Qa5 c5 27. Qxc7 f6 28. Qd7 Nd4 29. b4 Nc2 30. Bxc5 Nxa3 31. Qd3 f5 32. Ng5 Bf6 33. h4 h6 34. Qxa3 hxg5 35. hxg5 Bxg5 36. exf5 gxf5 37. Qg3 Qd8 38. Qh3 Qd2 39. Qxf5 1-0

[Event "Wch Seniors 65 29th"]
[Site "Bucharest"]
[Date "2019.11.14"]
[Round "3"]
[White "Cernea, Radu Gheorghe"]
[Black "Hlinschi, Mihai"]
[Result "1-0"]
[WhiteElo "1750"]
[BlackElo "1425"]
[PlyCount "36"]
[EventDate "2019.11.12"]
[EventType "swiss"]
[EventRounds "11"]
[EventCountry "ROU"]
[SourceTitle "CBM 193 Extra"]
[Source "ChessBase"]
[SourceDate "2020.01.31"]
[SourceVersion "1"]
[SourceVersionDate "2020.01.31"]
[SourceQuality "1"]

1. d4 d5 2. c4 e6 3. Nc3 c6 4. Nf3 Be7 5. Bf4 Nf6 6. e3 Nbd7 7. cxd5 exd5 8. Qc2 Nh5 9. Bg3 g6 10. Bd3 f5 11. 0-0-0 Nxg3 12. hxg3 Nf6 13. Ne5 Rg8 14. f3 Be6 15. Rdf1 Qa5 16. Ne2 0-0-0 17. Nxc6 bxc6 18. Qxc6+ Qc7 1-0

[Event "EU-ch Seniors 13th"]
[Site "Plovdiv"]
[Date "2013.03.19"]
[Round "9"]
[White "Khazankin, Moisey"]
[Black "Cernea, Radu Gheorghe"]
[Result "1-0"]
[WhiteElo "2086"]
[BlackElo "2001"]
[PlyCount "81"]
[EventDate "2013.03.11"]
[EventType "swiss"]
[EventRounds "9"]
[EventCountry "BUL"]
[SourceTitle "CBM 153 Extra"]
[Source "ChessBase"]
[SourceDate "2013.04.22"]
[SourceVersion "1"]
[SourceVersionDate "2013.04.22"]
[SourceQuality "1"]

1. e4 g6 2. d4 Bg7 3. Nc3 d6 4. f4 e6 5. Nf3 Ne7 6. Bd3 b6 7. 0-0 Bb7 8. Be3 Nd7 9. Qd2 a6 10. f5 h6 11. fxe6 fxe6 12. Bc4 d5 13. exd5 exd5 14. Bd3 c5 15. Rae1 Nf6 16. Ne5 Ne4 17. Bxe4 dxe4 18. Nf7 Qd7 19. Nxh8 Bxh8 20. dxc5 Qxd2 21. Bxd2 Bxc3 22. Bxc3 bxc5 23. Bf6 Nf5 24. g4 Nd4 25. c3 Ne6 26. Rd1 a5 27. Rd6 Ra6 28. Be5 Ke7 29. Rfd1 Bc6 30. Kf2 Bb5 31. Ke3 Bc6 32. h4 a4 33. Rf1 Bb5 34. Rxa6 Bxa6 35. Rf6 g5 36. Rxh6 gxh4 37. Rh7+ Ke8 38. Rxh4 Bd3 39. Rh7 c4 40. Bf6 Nc5 41. g5 1-0

[Event "EU-ch Seniors 13th"]
[Site "Plovdiv"]
[Date "2013.03.11"]
[Round "1"]
[White "Bojarinov, Victor A"]
[Black "Cernea, Radu Gheorghe"]
[Result "1-0"]
[WhiteElo "2343"]
[BlackElo "2001"]
[PlyCount "115"]
[EventDate "2013.03.11"]
[EventType "swiss"]
[EventRounds "9"]
[EventCountry "BUL"]
[SourceTitle "CBM 153 Extra"]
[Source "ChessBase"]
[SourceDate "2013.04.22"]
[SourceVersion "1"]
[SourceVersionDate "2013.04.22"]
[SourceQuality "1"]

1. e4 g6 2. d4 Bg7 3. c3 d6 4. f4 c6 5. Nf3 d5 6. Nbd2 Bg4 7. h3 Bxf3 8. Qxf3 e6 9. Bd3 h5 10. 0-0 Nh6 11. Qe2 Qe7 12. a4 Nd7 13. b3 Bf8 14. a5 Nf6 15. a6 b6 16. c4 dxe4 17. Nxe4 Nxe4 18. Bxe4 Rc8 19. Qf3 Qd6 20. d5 f5 21. Bd3 Bg7 22. Ba3 c5 23. Rae1 Bd4+ 24. Kh1 Kf7 25. Rxe6 Qd7 26. Rfe1 Rce8 27. g3 Ng4 28. Qe2 Nf6 29. Bb2 Bxb2 30. Qxb2 Qd8 31. Qe5 Rxe6 32. Qxe6+ Kg7 33. Qe7+ Kh6 34. Re6 Qxe7 35. Rxe7 Rh7 36. Rb7 Rd7 37. Kg2 Kg7 38. g4 hxg4 39. hxg4 fxg4 40. Kg3 Kf7 41. Rxd7+ Nxd7 42. Kxg4 Kf6 43. Be4 Nb8 44. d6 Nxa6 45. Bxg6 Nb8 46. Be8 Ke6 47. d7 Nc6 48. Kg5 a6 49. Kg6 Ke7 50. f5 Kf8 51. Kf6 b5 52. Ke6 bxc4 53. bxc4 a5 54. Kd6 Nd8 55. Kxc5 Ke7 56. Kb5 Kf6 57. c5 a4 58. c6 1-0

[Event "Wch Seniors 20th"]
[Site "Arco"]
[Date "2010.11.05"]
[Round "10"]
[White "Doehner, Hans Juergen"]
[Black "Cernea, Radu Gheorghe"]
[Result "1/2-1/2"]
[WhiteElo "2169"]
[BlackElo "2039"]
[PlyCount "34"]
[EventDate "2010.10.26"]
[EventType "swiss"]
[EventRounds "11"]
[EventCountry "ITA"]
[SourceTitle "EXT 2011"]
[Source "ChessBase"]
[SourceDate "2010.11.26"]
[SourceVersion "1"]
[SourceVersionDate "2010.11.26"]
[SourceQuality "1"]

1. e4 g6 2. d4 Bg7 3. Nc3 d6 4. f4 e6 5. Nf3 Ne7 6. Be3 Nd7 7. Qd2 a6 8. Be2 b5 9. a3 Bb7 10. 0-0 h6 11. Rad1 Rc8 12. e5 Nb6 13. b3 Nf5 14. Bf2 h5 15. Ng5 d5 16. g3 Qe7 17. Nb1 0-0 1/2-1/2

[Event "Wch Seniors 19th"]
[Site "Condino"]
[Date "2009.11.03"]
[Round "7"]
[White "Cernea, Radu Gheorghe"]
[Black "Filzmaier, Bruno"]
[Result "1-0"]
[WhiteElo "2064"]
[BlackElo "1963"]
[PlyCount "45"]
[EventDate "2009.10.27"]
[EventType "swiss"]
[EventRounds "11"]
[EventCountry "ITA"]
[SourceTitle "EXT 2010"]
[Source "ChessBase"]
[SourceDate "2010.11.25"]
[SourceVersion "1"]
[SourceVersionDate "2010.11.25"]
[SourceQuality "1"]

1. d4 e6 2. c4 d5 3. Nc3 Nf6 4. cxd5 exd5 5. Qc2 Be7 6. Bf4 c6 7. e3 Nbd7 8. Bd3 g6 9. 0-0-0 Nh5 10. Nxd5 0-0 11. Nxe7+ Qxe7 12. Bh6 Re8 13. Nf3 Nf8 14. Bg5 f6 15. Bh4 g5 16. Bg3 Be6 17. Nd2 Rec8 18. Nc4 b5 19. Nd6 Rd8 20. Nf5 Qb4 21. Kb1 Qa5 22. b3 b4 23. Ne7+ 1-0

[Event "Wch Seniors 19th"]
[Site "Condino"]
[Date "2009.11.02"]
[Round "6"]
[White "Titz, Heimo"]
[Black "Cernea, Radu Gheorghe"]
[Result "1-0"]
[WhiteElo "2265"]
[BlackElo "2064"]
[PlyCount "93"]
[EventDate "2009.10.27"]
[EventType "swiss"]
[EventRounds "11"]
[EventCountry "ITA"]
[SourceTitle "EXT 2010"]
[Source "ChessBase"]
[SourceDate "2010.11.25"]
[SourceVersion "1"]
[SourceVersionDate "2010.11.25"]
[SourceQuality "1"]

1. Nf3 Nf6 2. c4 g6 3. Nc3 Bg7 4. e4 d6 5. d4 0-0 6. Be2 e5 7. Be3 Ng4 8. Bg5 f6 9. Bh4 g5 10. Bg3 h5 11. h3 Nh6 12. 0-0 Nc6 13. d5 Ne7 14. Nd2 h4 15. Bh2 Ng6 16. Bg4 Nxg4 17. hxg4 c6 18. Kh1 Qb6 19. Rb1 Bd7 20. f3 Rfc8 21. Bg1 Qc7 22. b4 Nf4 23. Nb3 Kf7 24. Rc1 Bf8 25. Qd2 cxd5 26. Nxd5 Nxd5 27. exd5 b6 28. Rfd1 Qd8 29. c5 Ba4 30. cxb6 Bxb3 31. b7 Bxd1 32. bxa8Q Rxa8 33. Qxd1 a6 34. Rc6 Qb8 35. Qc2 Bg7 36. Rc7+ Kg8 37. Qc6 Qf8 38. Rd7 Rd8 39. Rxd8 Qxd8 40. Qxa6 f5 41. gxf5 Qf8 42. Qd3 Qf7 43. Qd2 Bf6 44. b5 Bd8 45. Qc2 h3 46. gxh3 Qxd5 47. Qb3 1-0